Malay Edition Positive Thinking Power of Optimism : (Record no. 4866)
[ view plain ]
| 000 -LEADER | |
|---|---|
| fixed length control field | nam a22 7a 4500 |
| 005 - DATE AND TIME OF LATEST TRANSACTION | |
| control field | 20200923104336.0 |
| 008 - FIXED-LENGTH DATA ELEMENTS--GENERAL INFORMATION | |
| fixed length control field | 200923b2016 uc ||||| |||| 00| 0 eng d |
| 020 ## - INTERNATIONAL STANDARD BOOK NUMBER | |
| International Standard Book Number | 9781539642176 |
| Terms of availability | RM 70.00 |
| 040 ## - CATALOGING SOURCE | |
| Original cataloging agency | AKMAL |
| 082 ## - DEWEY DECIMAL CLASSIFICATION NUMBER | |
| Classification number | 153.42 GAU |
| 090 ## - LOCALLY ASSIGNED LC-TYPE CALL NUMBER (OCLC); LOCAL CALL NUMBER (RLIN) | |
| Classification number (OCLC) (R) ; Classification number, CALL (RLIN) (NR) | 153.42 |
| Local cutter number (OCLC) ; Book number/undivided call number, CALL (RLIN) | GAU |
| 100 ## - MAIN ENTRY--PERSONAL NAME | |
| Personal name | Gautam Sharma |
| 9 (RLIN) | 9265 |
| 245 ## - TITLE STATEMENT | |
| Title | Malay Edition Positive Thinking Power of Optimism : |
| Remainder of title | Pemikiran positif, kuasa keyakinan. Percaya pada diri sendiri untuk hidup yang lebih baik. |
| 260 ## - PUBLICATION, DISTRIBUTION, ETC. | |
| Place of publication, distribution, etc. | United States |
| Name of publisher, distributor, etc. | Createspace Independent Publishing Platform |
| Date of publication, distribution, etc. | 2016 |
| 300 ## - PHYSICAL DESCRIPTION | |
| Extent | 159pg |
| Dimensions | 20cm |
| 650 00 - SUBJECT ADDED ENTRY--TOPICAL TERM | |
| Topical term or geographic name entry element | Thought and thinking - optimism |
| 9 (RLIN) | 9266 |
| 942 ## - ADDED ENTRY ELEMENTS (KOHA) | |
| Source of classification or shelving scheme | |
| Koha item type | Book |
| Withdrawn status | Lost status | Source of classification or shelving scheme | Damaged status | Not for loan | Collection code | Home library | Current library | Shelving location | Date acquired | Cost, normal purchase price | Inventory number | Total Checkouts | Full call number | Barcode | Date last seen | Price effective from | Koha item type |
|---|---|---|---|---|---|---|---|---|---|---|---|---|---|---|---|---|---|
| NON-FICTION | AKMAL Melaka | AKMAL Melaka | PINJAMAN | 23.09.2020 | 70.00 | 011353 | 153.42 GAU | 201707918 | 23.09.2020 | 23.09.2020 | Book |
